• 首页
  • 本馆介绍
  • 公告通知
  • 最新文献
  • 馆藏检索
  • 电子资源
  • 读者导购
  • 参考咨询
  • 我的图书馆
  • 登录
  • 详细信息显示
  • 放入我的书架
  • 预约/预借图书
  • 作者相关作品
  • 分类相关作品
  • 丛书相关作品
  • 出版社相关作品

书目信息

  • 表格格式
  • 工作单格式
  • 卡片格式
题名:
塑造完美幼儿
    
 
作者: 付涛 编著
分册:  
出版信息: 北京   中国经济出版社  2006
页数: 271页
开本: 21cm
丛书名:
单 册:
中图分类: G61
科图分类:
主题词: 学前儿童--不良行为--行为治疗
电子资源:
ISBN: 7-5017-1655-2
000 00711nam0 2200217 450
001 TS2006047431
005 20061207092233.67
010    @a7-5017-1655-2@dCNY20.00
100    @a20060829d2006 em y0chiy0120 ea
101 0  @achi
102    @aCN@b110000
105    @af z 000yy
200 1  @a塑造完美幼儿@ASu Zao Wan Mei You Er@e学龄前幼儿不良行为矫正@EXue Ling Qian You Er Bu Liang Xing Wei Jiao Zheng@f付涛编著@FFu Tao Bian Zhu
210    @a北京@c中国经济出版社@d2006
215    @a271页@c插图@d21cm
300    @a儿童心理专家教你如何塑造一个聪明的宝宝
606 0  @a学前儿童@x不良行为@x行为治疗
690    @aG61@v4
701  0 @a付涛@AFu Tao@4编著
801  0 @aCN@b中图数据@c20061207
905    @a10447@dG61@e109
    
    塑造完美幼儿:学龄前幼儿不良行为矫正/付涛编著.-北京:中国经济出版社,2006
    271页:插图;21cm
    儿童心理专家教你如何塑造一个聪明的宝宝
    
    ISBN 7-5017-1655-2:CNY20.00
    
●
相关链接 在E读中查询图书 在五车中查询图书 在当当中查询图书 在豆瓣中查询图书


正题名:塑造完美幼儿     索取号:G61/109         预约/预借

序号 登录号 条形码 馆藏地/架位号 状态 备注
1 0600997   206009978   第一样本阅览室/ [索取号:G61/109] 在馆    
2 0600998   206009987   第四借阅区/ [索取号:G61/109] 在馆    
3 0600999   206009996   教育系资料室/ [索取号:G61/109] 在馆    
4 0601000   206010001   第四借阅区/ [索取号:G61/109] 在馆    
5 0601001   206010010   第四借阅区/ [索取号:G61/109] 在馆    
6 0601002   206010029   第四借阅区/ [索取号:G61/109] 在馆    
7 0601003   206010038   教育系资料室/ [索取号:G61/109] 在馆    
8 0601004   206010047   教育系资料室/ [索取号:G61/109] 在馆    
唐山师范学院图书馆 欢迎您!
大连网信软件有限公司© 版权所有